Quantitative techniques

Guardat en:
Dades bibliogràfiques
Autor principal: KOTHARI, C. R.
Format: Llibre
Idioma:anglès
Publicat: : VIKAS Publishers 1984
Etiquetes: Afegir etiqueta
Sense etiquetes, Sigues el primer a etiquetar aquest registre!

MARC

LEADER 00000nam a22000007a 4500
008 210120b ||||| |||| 00| 0 eng d
020 |a : 978-93259-6896-7 
100 |a KOTHARI, C. R. 
245 |a Quantitative techniques  |c C.R. Kothari 
250 |b 3rd 
260 |b : VIKAS Publishers  |c 1984  |h New Delhi:   |i 689826 – ADM   |l HF5695 .K84 
942 |a lcc  |c BK  |e Mr ogunleye 
952 |0 0  |1 0  |2 lcc  |4 0  |6 HF5695 K84  |7 0  |9 1305  |a HOL  |b MPL  |d 2021-01-20  |l 0  |o HF5695 .K84  |p 2021-0118  |r 2021-01-20 00:00:00  |w 2021-01-20  |y BK 
999 |c 671  |d 671